| 000 | 00617nam a22001695i 4500 | ||
|---|---|---|---|
| 001 | 164972 | ||
| 003 | ES-MaACL | ||
| 005 | 20230906213037.0 | ||
| 008 | 030625m18661867gw |||| | ger d | ||
| 040 |
_aCAM _bspa _cCAM |
||
| 100 | 1 |
_aSchuchardt, Hugo. _9104734 |
|
| 245 | 1 | 3 |
_aDer vokalismus des vulgärlateins / _cvon Hugo Schuchardt. |
| 260 |
_aLeipzig : _bDruck und Verlag von B.G. Teubner, _c1866-1867. |
||
| 300 |
_a3 v. (XII, 476; 530; IV, 356 p.) ; _c22 cm. |
||
| 650 | 4 |
_aLengua latina- _xGramática. _914300 |
|
| 852 |
_aES-MaACL _jG-1485-1487 _z-- Enc. hol. _x-- Edic.: T.I, 1866 - T.II, 1867 - T.III, 1868 |
||
| 999 |
_c164972 _d164972 |
||